000 00703nam a2200241 4500
001 21329
003 ES-MaACL
005 20230906152448.0
007 t|
008 021125s1969 sp ||||1| spa d
080 _a301.188:321.7
080 _a329
100 1 _aAlberdi, Ricardo.
_919274
245 1 0 _aEstructuras políticas y grupos de presión /
_cRicardo Alberdi.
246 3 6 _aPartidos políticos y grupos de presión
260 _a[Irún] :
_bEthos,
_c[1969]
300 _a32, [2] h. ;
_c32 cm.
504 _aBibliografía: p. 32.
597 _aEjemplar multicopista.
650 _aGrupos de presión.
_9141650
650 0 4 _aPartidos políticos.
_915858
852 _aES-MaACL
_j2283-F-22
999 _c21329
_d21329